000 01877nam0a22002891 4500
001 rc\2769988
005 20250806204245.0
035 _a(NLR Aleph) 006896379
090 _a27162
_c27162
100 _a20110915d1941 u y0rusy50 ca
101 0 _arus
102 _aRU
105 _ay z |||||
200 1 _aО дополнительной оплате труда колхозников за повышение урожайности сельскохозяйственных культур и продуктивности животноводства по Куйбышевской области
_eПостановл. СНК СССР и ЦК ВКП(б) от 2-го марта 1941 г.
210 _aКуйбышев
_cКуйб. обл. изд-во
_d1941
215 _a32 с., без тит. л.
_d14 см.
327 0 _aВ кн. также: Об установлении порайонной урожайности сельскохозяйственных культур и плановых заданий по продуктивности животноводства. Постановл. Исполкома Куйб. облсовета депутатов трудящихся и Бюро Обкома ВКП(б) от 15-го марта 1941 г.
464 0 _12000#$aОб установлении порайонной урожайности сельскохозяйственных культур и плановых заданий по продуктивности животноводства
710 0 1 _aСССР
_bСовет Народных Комиссаров
_3RU\NLR\AUTH\8810020782
711 0 2 _aВКП(б)
_bЦК
_3RU\NLR\AUTH\8810033047
801 0 _aRU
_bNLR
_gpsbo
801 1 _aRU
_bELAR
_2rusmarc
852 _aNLR
_jЭк50 Г-4/21
942 _cBOOK
945 _aРоссийская национальная библиотека
980 _aNB
980 _aBV